000 00664nam a2200253Ia 4500
005 20260320200842.0
008 008 262003s9999 xx 000 0 eng d
020 _a9781630816926
037 _aEBOOK
040 _aCRL
040 _beng
040 _cCRL
041 _2eng
041 _aeng
084 _qCRL
100 _aBogatin
_91133593
245 0 _aBogatin’s Practical Guide to Transmission Line Design and Characterization for Signal Integrity Applications
260 _bIEEE
260 _c2020
856 _uhttps://ieeexplore.ieee.org/servlet/opac?bknumber=9118790
942 _cEBOOK
999 _c1717295
_d1717295